[Event "Internet Section 06A g/8'+2\""]
[Site "Dos Hermanas"]
[Date "2004.03.06"]
[Round "6"]
[White "Grigaitis, Tadas"]
[Black "Aslanova, Ashla"]
[Result "0-1"]
[WhiteElo "2166"]
[BlackElo "2107"]
[PlyCount "88"]
[EventDate "2004.03.06"]
[EventType "swiss (blitz)"]
[EventRounds "9"]
[EventCountry "ESP"]
[SourceTitle "CBM 099 Extra"]
[Source "ChessBase"]
[SourceDate "2004.05.04"]
[SourceVersion "1"]
[SourceVersionDate "2004.05.04"]
[SourceQuality "1"]

1. d4 d6 2. c4 Nf6 3. Nf3 g6 4. g3 Bg7 5. Bg2 0-0 6. 0-0 Nbd7 7. b3 e5 8. dxe5 Nxe5 9. Bb2 Qe7 10. Nc3 c6 11. Qd2 Bg4 12. Rad1 Rad8 13. Nd4 Rfe8 14. Rfe1 Bc8 15. h3 Ned7 16. Ba3 Bf8 17. f4 Nc5 18. e4 Qc7 19. Qc2 Ne6 20. Nf3 Nc5 21. e5 dxe5 22. Nxe5 Nfd7 23. Nf3 Nf6 24. Rxe8 Rxe8 25. Nd4 Nh5 26. Kh2 Nxf4 27. gxf4 Qxf4+ 28. Kg1 Bd6 29. Nf3 Bxh3 30. Rxd6 Bxg2 31. Kxg2 Qxd6 32. Ne4 Rxe4 33. Qxe4 Nxe4 34. Bxd6 Nxd6 35. Kg3 f6 36. Kf4 Kf7 37. Nd4 h5 38. Nc2 g5+ 39. Ke3 h4 40. Nd4 h3 41. Kf3 g4+ 42. Kg3 Ne4+ 43. Kh2 Kg6 44. Ne2 Kg5 0-1